00419nam a2200157Ia 4500020001800000082002000018100002200038245003700060250000800097260003400105300001000139504002200149650004000171650002900211700002100240 a0-672-21632-9 aRR 004.03 SIP-; aSippl, Charles J. 0aComputer dictionary and handbook a3rd aIndianabHoward W. Samsc1983 a928p. aIncludes appendix aComputer - Handbooks, manuals, etc. aComputers - Dictionaries aSippl, Roger J.